| 000 | 02230cam a22005418a 4500 | ||
|---|---|---|---|
| 001 | 778040102 | ||
| 003 | OCoLC | ||
| 005 | 20210408061520.0 | ||
| 008 | 120217s2013 nyu b 001 0 eng | ||
| 010 | _a 2012007118 | ||
| 016 | 7 |
_a101578464 _2DNLM |
|
| 020 | _a9780071624978 (softcover : alk. paper) | ||
| 020 | _a007162497X (MHID) | ||
| 035 |
_a(OCoLC)778040102 _z(OCoLC)793223391 |
||
| 040 |
_aDNLM/DLC _beng _cDLC _dNLM _dBDX _dYDXCP _dBTCTA _dOCLCO |
||
| 042 | _apcc | ||
| 049 |
_aYYEA _aVZYM |
||
| 080 |
_a616.6 _bS-68 |
||
| 096 | _aWJ 100 S468 2013 | ||
| 100 |
_9123 _aMcAninch, W. Jack |
||
| 245 | 0 | 0 | _aSmith and Tanagho's general urology. |
| 246 | 1 | _aGeneral urology. | |
| 250 |
_a18th ed. / _beditors, Jack W. McAninch, Thomas F. Lue. |
||
| 260 |
_aNew York : _bMcGraw-Hill Professional, _cc2013. |
||
| 300 |
_ax, 758 p. : _b ill. ; _c 23 cm. |
||
| 500 | _aRev. ed. of: Smith's general urology. 17th ed. c2008. | ||
| 500 | _aEINSTEIN & MMC: available online via AccessMedicine. See Reference for assistance. | ||
| 500 | _aMMC: available online via AccessSurgery. See staff for assistance. | ||
| 504 | _aIncludes bibliographical references and index. | ||
| 590 | _ac.1 10064102 Ritt 11/19/12 $89.00. | ||
| 650 | 2 | _aUrologic Diseases. | |
| 650 | 0 |
_aUrology _9121 |
|
| 650 | 0 |
_aMedicine _969 |
|
| 653 | _aუროლოგია | ||
| 653 | _aუროლოგიური დაავადებები | ||
| 653 | _aმედიცინა | ||
| 655 | 7 | _aElectronic books. | |
| 700 | 1 | _aMcAninch, Jack W. | |
| 700 | 1 | _aLue, Tom F. | |
| 700 | 1 |
_aSmith, Donald R. _q(Donald Ridgeway), _d1909-1991. |
|
| 710 | 2 | _aAccessMedicine (Online Service) | |
| 710 | 2 | _aAccessSurgery (Online Service) | |
| 730 | 0 | _aSmith's general urology. | |
| 856 | 4 | 0 |
_3AccessMedicine _uhttps://elibrary.einsteinmed.org/login?URL=https://accessmedicine.mhmedical.com/book.aspx?bookid=508 _zEINSTEIN: AccessMedicine ebook collection |
| 856 | 4 | 1 |
_3AccessMedicine _uhttps://accessmedicine.mhmedical.com/book.aspx?bookid=508 _zMMC: AccessMedicine ebook collection |
| 856 | 4 | 1 |
_3AccessSurgery _uhttps://accesssurgery.mhmedical.com/book.aspx?bookid=508 _zMMC: AccessSurgery ebook collection |
| 942 |
_2udc _cBK _e18 |
||
| 999 |
_c19 _d19 |
||